00598nam a2200193Ia 4500008004100000050001200041050001500053100003000068245006400098245005100162260003100213260001000244260001000254300001600264300002000280300001100300500005600311650003700367150520s9999 xx 000 0 und d aHF 5415 b.C284 2014 aCarlon, Charlene Erika E. aFactors influencing customer selection of courier company / cCharlene Erika E. Carlon, Jerilee S. Cornelio. aLas Piñas, Philippines : bSISC, c2014. a40 pages :  billustrations ; c28 cm. aIncludes bibliographical references and appendices. aCustomer relationship management